Machine Design/ (Record no. 207169)

MARC details
000 -LEADER
fixed length control field 00743nam a22002057a 4500
005 - DATE AND TIME OF LATEST TRANSACTION
control field 20241128152959.0
010 ## - LCCN (DPL NO)
LC control number ENG-142682
020 ## - INTERNATIONAL STANDARD BOOK NUMBER
Terms of availability 999.00
International Standard Book Number 9789357058995
035 ## - SYSTEM CONTROL NUMBER
System control number EN-126214
037 ## - SOURCE OF ACQUISITION
Source of stock number/acquisition DBAD
082 ## - DEWEY DECIMAL CLASSIFICATION NUMBER
Classification number 621.815
Edition number 2
100 ## - MAIN ENTRY--PERSONAL NAME
Personal name Jindal, U. C.
245 ## - TITLE STATEMENT
Title Machine Design/
Statement of responsibility, etc By U. C. Jindal
250 ## - EDITION STATEMENT
Edition statement 2
260 ## - PUBLICATION, DISTRIBUTION, ETC. (IMPRINT)
Place of publication, distribution, etc Uttar Pradesh
Name of publisher, distributor, etc Pearson India Education Pvt Ltd
Date of publication, distribution, etc 2025
270 ## - ADDRESS
City Uttar Pradesh
Address 1st FLoor, Berger Tower, Plot No. C-001A/2, Sector-16B, Noida
Postal code 201301
300 ## - PHYSICAL DESCRIPTION
Extent xxii,873p.
Dimensions 23cm(pb)
Other physical details Index
500 ## - GENERAL NOTE
General note 300+ solved problems 600 detailed line diagrams of machine parts to enable visualization and elucidation of the concepts
942 ## - ADDED ENTRY ELEMENTS (KOHA)
Source of classification or shelving scheme Dewey Decimal Classification
Item type English Books
Classification part 621.815
Call number suffix JIN
Edition 1
Holdings
Withdrawn status Lost status Not for loan Collection code Home library Current library Date acquired Source of acquisition Cost, normal purchase price Full call number Barcode Copy number Cost, replacement price Koha item type
      Non-fiction Sarojini Nagar Sarojini Nagar 28/11/2024 Delivery of Books Act Division 999.00 621.815 JIN EN-126214 1 999.00 English Books

© Delhi Public Library
Hit Counter
free hit counter